| 000 | 00734nam a2200181 4500 | ||
|---|---|---|---|
| 003 | DO-SdBNP | ||
| 005 | 20210827153638.0 | ||
| 007 | ta | ||
| 008 | 210827b1981 a|||| |||| 00| 0 spa | ||
| 040 |
_aDO-SdBNP _bspa _cBNPHU |
||
| 082 | 4 |
_222 _a693.852 _bR426r |
|
| 110 |
_911709 _aRepública Dominicana. Secretaría de Estado de Obras Públicas; _bM- 006 Departamento de Reglamentos y sistemas DGRS. |
||
| 245 | 0 | 1 |
_aRecomendaciones provisionales para el análisis sismico de estructuras : _bejemplos de aplicación / _cSecretaría de Estado de Obras Públicas |
| 300 |
_a43 p. : _bil.: _c27 cm. |
||
| 590 | _aInventariado, 2021 /SA | ||
| 650 | 4 |
_aAnálisis sismico _vEstructura _xEdificio _zRepública Dominicana _979617 |
|
| 942 |
_2ddc _cLF2 |
||
| 999 |
_c50308 _d50308 |
||